[Event "Thüringenliga 2014/2015"]
[Site "?"]
[Date "2014.12.21"]
[Round "5"]
[White "Steiger, Jürgen"]
[Black "Fischer, Dennis"]
[Result "0-1"]
[WhiteElo "1929"]
[BlackElo "1865"]
[PlyCount "80"]
[EventDate "2014.??.??"]

1. e4 e5 2. Nf3 Nc6 3. Nc3 Nf6 4. Bb5 d6 5. d4 exd4 6. Nxd4 Bd7 7. Bg5 Be7 8.
Qd2 h6 9. Bf4 Nxd4 10. Qxd4 Nh5 11. Bxd7+ Qxd7 12. Be3 Bf6 13. Qd2 Qe6 14. f3
Qc4 15. Nd1 O-O-O 16. Qe2 Qxe2+ 17. Kxe2 Be5 18. Kf2 d5 19. exd5 Rxd5 20. Nc3
Bxc3 21. bxc3 Rhd8 22. Rab1 Ra5 23. Rb2 Nf6 24. Bd4 Ne8 25. Re1 Rad5 26. Re7
R5d7 27. Re2 f6 28. a4 a6 29. Rb1 Nd6 30. Rbe1 Nf5 31. Be3 Re7 32. Bf4 Rde8 33.
Rxe7 Rxe7 34. Rd1 Rd7 35. Rd3 Nd6 36. Be3 Nc4 37. Bd4 Nb2 38. Rd2 Nxa4 39. Re2
Kd8 40. f4 c5 0-1

[Event "Thüringenliga 2014/2015"]
[Site "?"]
[Date "2015.01.18"]
[Round "6"]
[White "Hoffmann, Tim"]
[Black "Pähtz, Thomas"]
[Result "1/2-1/2"]
[WhiteElo "2041"]
[BlackElo "2297"]
[PlyCount "60"]
[EventDate "2015.??.??"]
[WhiteTeam "ESV Gera"]
[BlackTeam "Ilmenauer SV"]

1. e4 e5 2. Nf3 Nc6 3. d4 exd4 4. Nxd4 Bc5 5. Nb3 Bb4+ 6. Nc3 Nf6 7. Bd3 d5 8.
O-O Bxc3 9. exd5 Qxd5 10. bxc3 O-O 11. Bf4 Ne5 12. Re1 Nxd3 13. cxd3 Bf5 14. d4
Rfe8 15. f3 Qc4 16. Qd2 Nd5 17. Rxe8+ Rxe8 18. Re1 Rxe1+ 19. Qxe1 Be6 20. Bd2
b6 21. Nc1 a5 22. Kf2 h6 23. Qe2 Ne7 24. Qxc4 Bxc4 25. a3 f6 26. Ne2 Kf7 27. h4
g5 28. g4 Nc8 29. Ng3 Nd6 30. Bc1 Bd5 1/2-1/2

[Event "Thüringenliga 2014/2015"]
[Site "?"]
[Date "2015.01.18"]
[Round "6"]
[White "Zehnter, Sebastian"]
[Black "Puschendorf, Steffen"]
[Result "1/2-1/2"]
[WhiteElo "2233"]
[BlackElo "2061"]
[PlyCount "123"]
[EventDate "2015.??.??"]
[WhiteTeam "Ilmenauer SV"]
[BlackTeam "ESV Gera"]

1. e4 e6 2. d4 d5 3. e5 c5 4. c3 Qb6 5. Nf3 Bd7 6. a3 a5 7. Be2 Bb5 8. c4 dxc4
9. d5 exd5 10. Qxd5 Ne7 11. Qe4 Qc6 12. Qc2 Qg6 13. Qd1 Nbc6 14. O-O Rd8 15.
Bd2 Nf5 16. Nc3 Ba6 17. Qa4 Be7 18. Nb5 O-O 19. Bxc4 Ncd4 20. Nfxd4 Nxd4 21.
Bc3 Qc6 22. Bxd4 Rxd4 23. b3 Bxb5 24. Qxb5 Qxb5 25. Bxb5 Rfd8 26. Ra2 Bg5 27.
g3 Bd2 28. f4 Be3+ 29. Kg2 Rd2+ 30. Rxd2 Rxd2+ 31. Kf3 Bd4 32. h3 Kf8 33. a4
Ke7 34. h4 Rc2 35. Bc4 Rc3+ 36. Kg4 Rc2 37. h5 h6 38. Kf5 Rg2 39. g4 Rh2 40.
Bd5 b6 41. Re1 Rh4 42. Re2 Ba1 43. e6 g6+ 44. hxg6 fxg6+ 45. Kxg6 Rxg4+ 46. Kf5
Rg1 47. Bg2 Rb1 48. Re3 Bd4 49. Rh3 Rg1 50. Bd5 Bg7 51. Bc4 Kd6 52. Rh5 Ke7 53.
Ke4 Rd1 54. Rf5 Bf6 55. Kf3 Rd8 56. Kg4 Rg8+ 57. Kh5 Rh8 58. Bd5 Rf8 59. Kg6
Rg8+ 60. Kxh6 Rg4 61. Bc4 Rh4+ 62. Kg6 1/2-1/2

[Event "Thüringenliga 2014/2015"]
[Site "?"]
[Date "2015.01.18"]
[Round "6"]
[White "Gläßl, Matthias"]
[Black "Mehlhorn, Uwe"]
[Result "0-1"]
[WhiteElo "2021"]
[BlackElo "2097"]
[PlyCount "72"]
[EventDate "2015.??.??"]
[WhiteTeam "ESV Gera"]
[BlackTeam "Ilmenauer SV"]

1. e4 d6 2. d4 g6 3. Nc3 Bg7 4. Be3 a6 5. a4 b6 6. g4 Bb7 7. Bg2 Nd7 8. Nge2 e5
9. Qd2 Ngf6 10. h3 h5 11. g5 Nh7 12. d5 O-O 13. a5 bxa5 14. O-O Nb6 15. b3 Re8
16. Kh2 c6 17. dxc6 Bxc6 18. Bxb6 Qxb6 19. Qxd6 Bf8 20. Qd2 Bb4 21. Qe3 Bc5 22.
Qg3 Rad8 23. Na4 Bxa4 24. Rxa4 Rd2 25. Bf3 Rxc2 26. Rc4 Rxc4 27. bxc4 Qb3 28.
Qg2 Nf8 29. Nc1 Qc3 30. Be2 Ne6 31. Nd3 Bd4 32. h4 a4 33. Qf3 a3 34. Nc1 Qxf3
35. Bxf3 Rb8 36. Bd1 Nc5 0-1

[Event "Thüringenliga 2014/2015"]
[Site "?"]
[Date "2015.01.18"]
[Round "6"]
[White "Töpfer, Albrecht"]
[Black "Schmidt, Frank"]
[Result "1-0"]
[WhiteElo "1984"]
[BlackElo "1937"]
[PlyCount "117"]
[EventDate "2015.??.??"]
[WhiteTeam "Ilmenauer SV"]
[BlackTeam "ESV Gera"]

1. c4 Nf6 2. g3 g6 3. Bg2 Bg7 4. Nc3 O-O 5. e4 d6 6. Nge2 c5 7. O-O Nc6 8. d3
Ne8 9. Be3 Nc7 10. d4 cxd4 11. Nxd4 Ne6 12. Nde2 Ne5 13. b3 Bd7 14. h3 Nc5 15.
f4 Nc6 16. Qd2 Qa5 17. Rab1 Kh8 18. Kh2 Rad8 19. Nd4 Ne6 20. Nde2 Nc5 21. Rfd1
f5 22. Nd4 Ne6 23. Nxc6 bxc6 24. b4 Qc7 25. exf5 Rxf5 26. Rdc1 Rff8 27. b5 Rb8
28. bxc6 Bxc6 29. Nb5 Qd7 30. Bxc6 Qxc6 31. Bxa7 Rb7 32. Qd5 Qd7 33. Re1 Nc5
34. Bxc5 dxc5 35. Rbd1 Qxd5 36. Rxd5 Rc8 37. Red1 Kg8 38. Kg2 Kf7 39. Kf3 Rc6
40. R1d2 Rbb6 41. a4 Ra6 42. Ra2 Rc8 43. a5 Rcc6 44. g4 Rc8 45. h4 Rcc6 46. Rd7
Bf6 47. g5 Bg7 48. Rc7 Re6 49. Rxc5 Re1 50. Nc7 Rd6 51. Nd5 Rde6 52. a6 Bd4 53.
a7 Rf1+ 54. Kg2 Rg1+ 55. Kh2 Bxc5 56. a8=Q Ree1 57. Nc7 Bd6 58. Qd5+ Kg7 59.
Ne8+ 1-0

[Event "Thüringenliga 2014/2015"]
[Site "?"]
[Date "2015.01.18"]
[Round "6"]
[White "Hilbig, Dieter"]
[Black "Rempel, Patrick"]
[Result "0-1"]
[WhiteElo "1898"]
[BlackElo "2020"]
[PlyCount "64"]
[EventDate "2015.??.??"]
[WhiteTeam "ESV Gera"]
[BlackTeam "Ilmenauer SV"]

1. e4 e5 2. Nf3 Nc6 3. Bc4 Be7 4. c3 Nf6 5. d3 h6 6. Nbd2 O-O 7. Nf1 d5 8. exd5
Nxd5 9. Ne3 Be6 10. Bb3 Nf4 11. Bc2 Qd7 12. O-O Rad8 13. Nc4 Nxg2 14. Kxg2 Bxc4
15. Ne1 Bd5+ 16. f3 Bh4 17. Bd2 Rfe8 18. Kg1 Re6 19. Kh1 Rd6 20. Ng2 Bf6 21.
Ne3 Be6 22. Rg1 Kh8 23. Qe1 Bg5 24. Ng4 Bd5 25. Bd1 Qf5 26. Bxg5 Bxf3+ 27. Bxf3
Qxf3+ 28. Rg2 hxg5 29. Nxe5 Nxe5 30. Qxe5 Rxd3 31. h3 Qxh3+ 32. Kg1 Rd1+ 0-1

[Event "Thüringenliga 2014/2015"]
[Site "?"]
[Date "2015.01.18"]
[Round "6"]
[White "Sukaylo, Aleksey"]
[Black "Senf, Paul"]
[Result "1-0"]
[WhiteElo "2011"]
[BlackElo "1673"]
[PlyCount "49"]
[EventDate "2015.??.??"]
[WhiteTeam "Ilmenauer SV"]
[BlackTeam "ESV Gera"]

1. e4 c5 2. Nf3 d6 3. d4 cxd4 4. Nxd4 Nf6 5. Nc3 a6 6. Bg5 e6 7. f4 Be7 8. Qf3
Qc7 9. O-O-O Nbd7 10. Bd3 Nc5 11. Qg3 h6 12. Bh4 Nh5 13. Qg4 Bxh4 14. Qxh4 Nf6
15. Qg3 Rg8 16. e5 dxe5 17. fxe5 Nfd7 18. Rhe1 Qa5 19. Bh7 Rf8 20. Qxg7 Nb6 21.
Nf5 Nc4 22. Nd6+ Nxd6 23. exd6 Qd8 24. Qxh6 Bd7 25. Nd5 1-0

[Event "Thüringenliga 2014/2015"]
[Site "?"]
[Date "2015.01.18"]
[Round "6"]
[White "Steinmüller, Johannes"]
[Black "Falk, Kristoffer"]
[Result "0-1"]
[WhiteElo "1715"]
[BlackElo "1826"]
[PlyCount "74"]
[EventDate "2015.??.??"]
[WhiteTeam "ESV Gera"]
[BlackTeam "Ilmenauer SV"]

1. e4 c5 2. Nf3 e6 3. d4 cxd4 4. Nxd4 Nc6 5. Nc3 Qc7 6. Be3 a6 7. Nxc6 Qxc6 8.
a3 b5 9. Be2 Bb7 10. Bf3 Qc7 11. O-O Rc8 12. Rc1 Nf6 13. Bd4 e5 14. Be3 Bxa3
15. Nxb5 axb5 16. bxa3 Nxe4 17. Bxe4 Bxe4 18. Qg4 Bg6 19. f4 exf4 20. Bxf4 Qa7+
21. Kh1 O-O 22. Bd6 Rfe8 23. c3 Rc4 24. Qg5 Qb7 25. Rce1 Rce4 26. Rxe4 Bxe4 27.
Qd2 h6 28. h3 Re6 29. Bb4 Rg6 30. Rf2 d5 31. Qf4 Qd7 32. Kh2 Qa7 33. Qd2 Qc7+
34. Kg1 Qg3 35. Kf1 Qh2 36. Qf4 Qxf4 37. Rxf4 Bxg2+ 0-1

[Event "Thüringenliga 2014/2015"]
[Site "?"]
[Date "2015.01.18"]
[Round "6"]
[White "Leuner, Klaus"]
[Black "Kupper, Matthias"]
[Result "1/2-1/2"]
[WhiteElo "1882"]
[BlackElo "1738"]
[PlyCount "26"]
[EventDate "2015.??.??"]
[WhiteTeam "Ilmenauer SV"]
[BlackTeam "ESV Gera"]

1. d4 d5 2. c4 e6 3. Nc3 Nf6 4. Nf3 Nbd7 5. Bf4 c6 6. e3 Bb4 7. a3 Bxc3+ 8.
bxc3 O-O 9. Qb3 Re8 10. c5 Ne4 11. Bd3 f5 12. Bxe4 fxe4 13. Ne5 Nxe5 1/2-1/2

[Event "Thüringenliga 2014/2015"]
[Site "?"]
[Date "2015.01.11"]
[Round "6"]
[White "Steinacker, Alex"]
[Black "Hermannsdörfer, Frank"]
[Result "0-1"]
[WhiteElo "2143"]
[BlackElo "2100"]
[PlyCount "80"]
[EventDate "2015.??.??"]
[WhiteTeam "Erfurter Schachklub"]
[BlackTeam "SV 1861 Liebschwitz"]

1. Nf3 d6 2. c4 e5 3. Nc3 f5 4. d3 Nf6 5. g3 Be7 6. Bg2 O-O 7. O-O Qe8 8. b4 a5
9. Nb5 Na6 10. a3 Qh5 11. Bd2 Bd7 12. bxa5 Rae8 13. Nc3 Nc5 14. d4 exd4 15.
Nxd4 Ng4 16. Nf3 Bd8 17. h3 Nf6 18. Be3 Nce4 19. Nd5 c5 20. Rb1 Bc6 21. Qd3
Bxa5 22. Rb2 g5 23. Rfb1 h6 24. Nd2 Qf7 25. Nb3 Bd8 26. Rd1 b5 27. Nxf6+ Bxf6
28. Rc2 bxc4 29. Qxc4 d5 30. Qa6 Bb7 31. Qa5 d4 32. Nxd4 cxd4 33. Rc7 Re7 34.
Rxb7 dxe3 35. Qxf5 exf2+ 36. Kh2 Qe6 37. Qb5 Nc3 38. Qd3 Rxb7 39. Bxb7 Qf7 40.
Ba6 Nxd1 0-1

[Event "Thüringenliga 2014/2015"]
[Site "?"]
[Date "2015.01.11"]
[Round "6"]
[White "Zeidler, Andreas"]
[Black "Troyke, Christian"]
[Result "1/2-1/2"]
[WhiteElo "2163"]
[BlackElo "2319"]
[PlyCount "130"]
[EventDate "2015.??.??"]
[WhiteTeam "SV 1861 Liebschwitz"]
[BlackTeam "Erfurter Schachklub"]

1. d4 Nf6 2. c4 g6 3. g3 Bg7 4. Bg2 O-O 5. Nf3 d6 6. O-O Ne4 7. Nc3 Nxc3 8.
bxc3 e5 9. dxe5 dxe5 10. Ba3 Re8 11. Qxd8 Rxd8 12. Rfd1 Re8 13. Ng5 h6 14. Ne4
Nc6 15. Rab1 Na5 16. Nd2 Be6 17. Bd5 Rad8 18. e4 Bd7 19. Bb4 Nc6 20. c5 Bf8 21.
Nb3 Nxb4 22. cxb4 b6 23. Rbc1 c6 24. Bc4 Bg4 25. Rxd8 Rxd8 26. Kg2 Bd1 27. Rc3
Kg7 28. Kf1 h5 29. h3 Be7 30. Ke1 h4 31. g4 Bxb3 32. Rxb3 Rd4 33. Bd3 bxc5 34.
bxc5 Bxc5 35. Ke2 Ra4 36. Rb2 Bd4 37. Rc2 c5 38. Bc4 f6 39. Bb3 Rb4 40. Rc4 Kh6
41. Rxb4 cxb4 42. Be6 Kg5 43. Kf3 a5 44. Bd7 Kh6 45. Ba4 Kg7 46. Ke2 Kf8 47.
Bc2 Ke7 48. f3 Kf8 49. g5 fxg5 50. Ba4 Ke7 51. Kd3 Bc3 52. Bb5 Be1 53. Ke2 Bg3
54. Kd3 Bf4 55. Ba4 Bc1 56. Bb5 Bb2 57. Ba4 Bd4 58. Bb5 Kf6 59. Ke2 Bb6 60. Ba4
Ke7 61. Kd3 Bd4 62. Bb5 Kd6 63. Kc4 Ke6 64. Kd3 Kf6 65. Ke2 Bc3 1/2-1/2

[Event "Thüringenliga 2014/2015"]
[Site "?"]
[Date "2015.01.11"]
[Round "6"]
[White "Brüggemann, Joachim"]
[Black "Gerhardt, Frank"]
[Result "1/2-1/2"]
[WhiteElo "2198"]
[BlackElo "2022"]
[PlyCount "36"]
[EventDate "2015.??.??"]
[WhiteTeam "Erfurter Schachklub"]
[BlackTeam "SV 1861 Liebschwitz"]

1. e4 c5 2. Nf3 Nc6 3. d4 cxd4 4. Nxd4 Nf6 5. Nc3 e5 6. Ndb5 d6 7. Bg5 a6 8.
Na3 b5 9. Bxf6 gxf6 10. Nd5 f5 11. Bd3 Be6 12. c4 Qa5+ 13. Kf1 Nd4 14. cxb5
axb5 15. Nc2 Nxc2 16. Qxc2 Rc8 17. Qe2 fxe4 18. Bxe4 b4 1/2-1/2

[Event "Thüringenliga 2014/2015"]
[Site "?"]
[Date "2015.01.11"]
[Round "6"]
[White "Kastner, Peter"]
[Black "Vökler, Bernd"]
[Result "1/2-1/2"]
[WhiteElo "1974"]
[BlackElo "2246"]
[PlyCount "41"]
[EventDate "2015.??.??"]
[WhiteTeam "SV 1861 Liebschwitz"]
[BlackTeam "Erfurter Schachklub"]

1. e4 c5 2. Nf3 d6 3. Bb5+ Nc6 4. O-O Bd7 5. c3 a6 6. Ba4 Nf6 7. Re1 e5 8. h3
Be7 9. d4 O-O 10. d5 Nb8 11. Bc2 Ne8 12. Nbd2 g6 13. Nf1 Ng7 14. Bh6 Be8 15.
Ng3 Nd7 16. Qd2 Kh8 17. Ng5 Nf6 18. f4 Ng8 19. Bxg7+ Kxg7 20. Nf3 Bh4 21. Nxh4
1/2-1/2

[Event "Thüringenliga 2014/2015"]
[Site "?"]
[Date "2015.01.11"]
[Round "6"]
[White "Duzy, Stefan"]
[Black "Weiß, Werner"]
[Result "1/2-1/2"]
[WhiteElo "1916"]
[BlackElo "2011"]
[PlyCount "63"]
[EventDate "2015.??.??"]
[WhiteTeam "Erfurter Schachklub"]
[BlackTeam "SV 1861 Liebschwitz"]

1. e4 d6 2. d4 Nf6 3. Nc3 c6 4. g3 Nbd7 5. Bg2 e5 6. Nge2 Be7 7. O-O O-O 8. h3
Re8 9. Be3 Qc7 10. g4 Nf8 11. Qd2 Ng6 12. Ng3 Nh4 13. f4 Nxg2 14. Qxg2 exd4 15.
Bxd4 d5 16. exd5 Nxd5 17. Nxd5 cxd5 18. Qf2 b6 19. Nh5 Bf8 20. Kh1 Ba6 21. Rfe1
Re4 22. Rxe4 dxe4 23. Qh4 Qc6 24. Qf2 e3+ 25. Qg2 Qd7 26. Bxg7 Qc8 27. Bc3 Bb7
28. Nf6+ Kg7 29. Nd5+ Kg8 30. Nf6+ Kg7 31. Nd5+ Kg8 32. Nf6+ 1/2-1/2

[Event "Thüringenliga 2014/2015"]
[Site "?"]
[Date "2015.01.11"]
[Round "6"]
[White "Frommelt, Hans-Jürgen"]
[Black "Troyke, Doreen"]
[Result "0-1"]
[WhiteElo "1967"]
[BlackElo "1978"]
[PlyCount "84"]
[EventDate "2015.??.??"]
[WhiteTeam "SV 1861 Liebschwitz"]
[BlackTeam "Erfurter Schachklub"]

1. e4 c5 2. Nc3 Nc6 3. Nge2 d6 4. d4 cxd4 5. Nxd4 a6 6. Be3 Nf6 7. f3 e5 8. Nb3
Be6 9. Qd2 Be7 10. Nd5 Bxd5 11. exd5 Nb8 12. c4 Nbd7 13. Bd3 Qc7 14. O-O O-O
15. a4 Rac8 16. Rfc1 Rfe8 17. Be2 Bf8 18. Rc2 Nb6 19. a5 Nbxd5 20. Bf2 Nf4 21.
Bf1 Ne6 22. Bb6 Qc6 23. Rac1 Qa4 24. Ra1 Qc6 25. Rac1 Nc5 26. Nxc5 dxc5 27. Rd1
Re6 28. Rc3 e4 29. Re3 Rd6 30. Qe2 exf3 31. Rxf3 Rxd1 32. Qxd1 Nd7 33. Rb3 Nxb6
34. Rxb6 Qe4 35. Qd3 Qe7 36. Qf3 Rc7 37. h3 g6 38. Bd3 Qe1+ 39. Bf1 Bg7 40. Rd6
Bxb2 41. Rd8+ Kg7 42. Qf4 Re7 0-1

[Event "Thüringenliga 2014/2015"]
[Site "?"]
[Date "2015.01.11"]
[Round "6"]
[White "Fischer, Dieter"]
[Black "Biel, Maik"]
[Result "1/2-1/2"]
[WhiteElo "1903"]
[BlackElo "1939"]
[PlyCount "59"]
[EventDate "2015.??.??"]
[WhiteTeam "Erfurter Schachklub"]
[BlackTeam "SV 1861 Liebschwitz"]

1. e4 c5 2. Nc3 d6 3. f4 a6 4. Nf3 b5 5. a4 b4 6. Nd5 e6 7. Ne3 Bb7 8. d3 Nc6
9. g3 Nf6 10. Bg2 Be7 11. O-O d5 12. exd5 Nxd5 13. Nxd5 Qxd5 14. Be3 Qd7 15.
Qe2 Rd8 16. Qf2 Nd4 17. Bxd4 cxd4 18. Ne5 Qc7 19. Bxb7 Qxb7 20. f5 Bg5 21. Qf3
Qxf3 22. Rxf3 Rd5 23. Nc4 exf5 24. Re1+ Kf8 25. Re5 Rxe5 26. Nxe5 g6 27. Nc6
Be3+ 28. Kf1 Kg7 29. Nxb4 Rb8 30. c3 1/2-1/2

[Event "Thüringenliga 2014/2015"]
[Site "?"]
[Date "2015.01.11"]
[Round "6"]
[White "Birke, Andreas"]
[Black "Steinacker, Ronald"]
[Result "1-0"]
[WhiteElo "2100"]
[BlackElo "1614"]
[PlyCount "57"]
[EventDate "2015.??.??"]
[WhiteTeam "SV 1861 Liebschwitz"]
[BlackTeam "Erfurter Schachklub"]

1. Nf3 Nf6 2. b3 d6 3. Bb2 e6 4. d3 Be7 5. e4 e5 6. g3 O-O 7. Bg2 Bg4 8. Nbd2
Nc6 9. h3 Bh5 10. Nc4 Rb8 11. O-O Nd4 12. g4 Nxf3+ 13. Qxf3 Bg6 14. Ne3 Nd7 15.
Nf5 Bf6 16. Rad1 a6 17. c3 b5 18. d4 Qe8 19. Rfe1 Kh8 20. Bc1 Qd8 21. dxe5 Nxe5
22. Qe3 Qc8 23. f4 Nd7 24. Kh2 Re8 25. Qg3 Bxf5 26. exf5 Rxe1 27. Rxe1 Qf8 28.
g5 Bd8 29. Bc6 1-0

[Event "Thüringenliga 2014/2015"]
[Site "?"]
[Date "2015.01.11"]
[Round "6"]
[White "Neidig, Stefan"]
[Black "Wegerich, Michael"]
[Result "1-0"]
[WhiteElo "2154"]
[BlackElo "1959"]
[PlyCount "99"]
[EventDate "2015.??.??"]
[WhiteTeam "TSG Apolda"]
[BlackTeam "SV Ammern"]

1. c4 Nf6 2. Nf3 d5 3. cxd5 Nxd5 4. d4 e6 5. e4 Bb4+ 6. Nbd2 Nb6 7. a3 Be7 8.
Qc2 N8d7 9. b4 c6 10. Nb3 O-O 11. Bd3 g6 12. Bh6 Re8 13. e5 Nd5 14. h4 Bf8 15.
Qd2 Qe7 16. Kf1 Bxh6 17. Qxh6 Qf8 18. Qd2 h6 19. Re1 Qg7 20. Re4 f5 21. exf6
N7xf6 22. Re1 Ng4 23. Ne5 Nxe5 24. Rxe5 Rf8 25. g3 b6 26. Kg2 Bd7 27. Qe2 Rf6
28. Nd2 Raf8 29. Rf1 Ne7 30. Ne4 Rf5 31. f4 Rxe5 32. dxe5 Nd5 33. Bc4 Qe7 34.
Re1 Kg7 35. Qd2 Bc8 36. Be2 Bb7 37. Nd6 Bc8 38. h5 g5 39. fxg5 Qxg5 40. Qxg5+
hxg5 41. Bf3 Bd7 42. Bxd5 exd5 43. e6 Be8 44. g4 Rh8 45. Rf1 c5 46. bxc5 bxc5
47. e7 d4 48. h6+ Kh7 49. Rf8 Bc6+ 50. Kf2 1-0

[Event "Thüringenliga 2014/2015"]
[Site "?"]
[Date "2015.01.11"]
[Round "6"]
[White "Schorch, Rüdiger"]
[Black "Middelhoff, Cornelius"]
[Result "1/2-1/2"]
[WhiteElo "1882"]
[BlackElo "2068"]
[PlyCount "48"]
[EventDate "2015.??.??"]
[WhiteTeam "SV Ammern"]
[BlackTeam "TSG Apolda"]

1. c4 e5 2. Nc3 Nf6 3. Nf3 Nc6 4. g3 Bb4 5. Bg2 O-O 6. O-O e4 7. Ng5 Bxc3 8.
dxc3 Re8 9. Qc2 Qe7 10. Be3 h6 11. Nh3 d5 12. cxd5 Nxd5 13. Qc1 Ne5 14. Nf4
Nxe3 15. fxe3 c6 16. Bxe4 Ng4 17. Bf3 Nxe3 18. Rf2 Bf5 19. Ng2 Ng4 20. Bxg4
Bxg4 21. Qf4 Be6 22. e4 Qc5 23. h4 Rad8 24. Kh2 a5 1/2-1/2

[Event "Thüringenliga 2014/2015"]
[Site "?"]
[Date "2015.01.11"]
[Round "6"]
[White "Rohmeiß, Roberto"]
[Black "Kampfhenkel, Ulrich"]
[Result "1-0"]
[WhiteElo "2015"]
[BlackElo "1934"]
[PlyCount "135"]
[EventDate "2015.??.??"]
[WhiteTeam "TSG Apolda"]
[BlackTeam "SV Ammern"]

1. d4 Nf6 2. Nf3 e6 3. c4 b6 4. Nc3 Bb7 5. e3 Bb4 6. a3 Bxc3+ 7. bxc3 Ne4 8.
Qc2 f5 9. Bd3 O-O 10. O-O Qe8 11. Nd2 d5 12. f3 Nxd2 13. Bxd2 Ba6 14. cxd5 Bxd3
15. Qxd3 exd5 16. c4 dxc4 17. Qxc4+ Qf7 18. Rac1 c6 19. e4 Qxc4 20. Rxc4 fxe4
21. fxe4 Re8 22. Rf4 c5 23. dxc5 bxc5 24. Rxc5 Nd7 25. Rc7 Red8 26. Rg4 g6 27.
Bg5 Ne5 28. Rf4 Rd1+ 29. Rf1 Rxf1+ 30. Kxf1 a5 31. Ke2 Ra6 32. Rc8+ Kg7 33.
Rc7+ Kg8 34. Rc8+ Kg7 35. Rc7+ Kg8 36. Bh6 Ra8 37. h3 Nf7 38. Bf4 Re8 39. Ke3
g5 40. Bg3 h5 41. Rc5 h4 42. Be1 a4 43. Ra5 Rb8 44. Bb4 Rc8 45. e5 Nd8 46. Rxa4
Kf7 47. Ke4 Rc2 48. Ra7+ Kg6 49. Ra6+ Kh5 50. Bf8 g4 51. hxg4+ Kxg4 52. Rg6+
Kh5 53. Rg8 Re2+ 54. Kd5 Rd2+ 55. Kc4 Ne6 56. Be7 Rd4+ 57. Kc3 Re4 58. Bf6 Ra4
59. Kb2 Rg4 60. Rxg4 Kxg4 61. a4 Kg3 62. a5 Nc5 63. Kc3 Kxg2 64. Bxh4 Kf3 65.
Kc4 Na6 66. e6 Ke4 67. e7 Nc7 68. Kc5 1-0

[Event "Thüringenliga 2014/2015"]
[Site "?"]
[Date "2015.01.11"]
[Round "6"]
[White "Dawydow, Alexej"]
[Black "Maiwald, Harald"]
[Result "1/2-1/2"]
[WhiteElo "1948"]
[BlackElo "1961"]
[PlyCount "57"]
[EventDate "2015.??.??"]
[WhiteTeam "SV Ammern"]
[BlackTeam "TSG Apolda"]

1. e4 c5 2. Nf3 Nc6 3. Nc3 g6 4. d3 Bg7 5. Be3 d6 6. Qd2 Rb8 7. Be2 b5 8. O-O
b4 9. Nd1 Nd4 10. Nxd4 cxd4 11. Bg5 h6 12. Bh4 g5 13. Bg3 e5 14. a3 a5 15. axb4
axb4 16. c3 dxc3 17. bxc3 bxc3 18. Qxc3 Ne7 19. Ne3 O-O 20. Ra7 Be6 21. Rc1 Ng6
22. h3 Nf4 23. Bf1 d5 24. exd5 Nxd5 25. Nxd5 Qxd5 26. Ra5 Rb5 27. Rxb5 Qxb5 28.
Re1 e4 29. Qa3 1/2-1/2

[Event "Thüringenliga 2014/2015"]
[Site "?"]
[Date "2015.01.11"]
[Round "6"]
[White "Goemann, Jens"]
[Black "Breuer, Harald"]
[Result "1-0"]
[WhiteElo "2082"]
[BlackElo "1850"]
[PlyCount "79"]
[EventDate "2015.??.??"]
[WhiteTeam "TSG Apolda"]
[BlackTeam "SV Ammern"]

1. c4 Nf6 2. g3 g6 3. Bg2 Bg7 4. Nf3 O-O 5. O-O c6 6. d4 d5 7. cxd5 cxd5 8. Nc3
Nbd7 9. Bf4 a6 10. a4 Nb6 11. Qb3 e6 12. Rfd1 Nc4 13. e4 h6 14. exd5 Na5 15.
Qa2 Nxd5 16. Nxd5 Qxd5 17. Qxd5 exd5 18. Bc7 Nc6 19. Ne5 Be6 20. Nxc6 bxc6 21.
Rac1 Bd7 22. a5 Rfe8 23. Bf1 Bf6 24. Rc3 Rec8 25. Bb6 Re8 26. Rb3 c5 27. dxc5
Ba4 28. Rbd3 Bxd1 29. Rxd1 d4 30. b3 Bd8 31. Rxd4 Bf6 32. Rd7 Re7 33. Rd6 Be5
34. Rd5 Bc7 35. Bc4 Kg7 36. Kg2 h5 37. h4 f5 38. c6 Kf6 39. Bd4+ Be5 40. Rxe5
1-0

[Event "Thüringenliga 2014/2015"]
[Site "?"]
[Date "2015.01.11"]
[Round "6"]
[White "Salaske, Peter"]
[Black "Carnot, Luca"]
[Result "1/2-1/2"]
[WhiteElo "1844"]
[BlackElo "1724"]
[PlyCount "64"]
[EventDate "2015.??.??"]
[WhiteTeam "SV Ammern"]
[BlackTeam "TSG Apolda"]

1. e4 c5 2. Nf3 Nc6 3. d4 cxd4 4. Nxd4 g6 5. Nc3 Bg7 6. Be3 Nf6 7. f3 O-O 8.
Bc4 Qb6 9. Bb3 Nxe4 10. Nf5 Nxc3 11. bxc3 Bxc3+ 12. Kf2 Qb4 13. Nh6+ Kg7 14.
Ng4 Bd4 15. Rb1 Qc5 16. c3 Bxe3+ 17. Nxe3 d6 18. Re1 Bf5 19. Bc2 Bxc2 20. Qxc2
Rab8 21. a4 Rfc8 22. Rb5 Nd4 23. Rxc5 Nxc2 24. Rxc8 Rxc8 25. Nxc2 Rxc3 26. Nb4
e6 27. Re3 Rc1 28. Ra3 Rc4 29. Nd3 Rc2+ 30. Kg3 f5 31. a5 Kf6 32. Rb3 Rc7
1/2-1/2

[Event "Thüringenliga 2014/2015"]
[Site "?"]
[Date "2015.01.11"]
[Round "6"]
[White "Schmidt, Matthias"]
[Black "Kurze, Christoph"]
[Result "1-0"]
[WhiteElo "1946"]
[BlackElo "1801"]
[PlyCount "47"]
[EventDate "2015.??.??"]
[WhiteTeam "TSG Apolda"]
[BlackTeam "SV Ammern"]

1. e4 e6 2. d4 d5 3. Nc3 Bb4 4. Qd3 dxe4 5. Qxe4 Nf6 6. Qh4 c5 7. dxc5 Qa5 8.
Bd2 Nd5 9. Nge2 Nc6 10. a3 O-O 11. Rd1 Bxc3 12. Nxc3 Qxc5 13. Bd3 f5 14. O-O
Nb6 15. Be3 Qa5 16. Nb5 Nd5 17. Bc5 Rf6 18. c4 Rh6 19. Qg3 Rg6 20. Qd6 Nde7 21.
b4 Qa4 22. Qc7 Rf6 23. Bxe7 Rf7 24. Bc2 1-0

[Event "Thüringenliga 2014/2015"]
[Site "?"]
[Date "2015.01.11"]
[Round "6"]
[White "Hentrich, Jörg"]
[Black "Steiger, Jürgen"]
[Result "1-0"]
[WhiteElo "1755"]
[BlackElo "1929"]
[PlyCount "71"]
[EventDate "2015.??.??"]
[WhiteTeam "SV Ammern"]
[BlackTeam "TSG Apolda"]

1. e4 e5 2. f4 Bc5 3. Nf3 d6 4. Bc4 Nc6 5. Nc3 Bg4 6. Na4 Nd4 7. Nxc5 Bxf3 8.
gxf3 Qh4+ 9. Kf1 dxc5 10. fxe5 O-O-O 11. d3 Qh5 12. Kf2 b5 13. Bd5 c6 14. c3
cxd5 15. cxd4 dxe4 16. dxe4 Rxd4 17. Qb3 Qxe5 18. Qxb5 Rb4 19. Qa6+ Kb8 20. b3
Nf6 21. Be3 Rd8 22. Rac1 Rd6 23. Qa5 Nxe4+ 24. fxe4 Rf6+ 25. Ke2 Qb2+ 26. Ke1
Rbb6 27. Qxc5 Rbc6 28. Qxa7+ Kc8 29. Qa8+ Kc7 30. Rxc6+ Rxc6 31. Bf4+ Kb6 32.
Qb8+ Ka6 33. Qa8+ Kb6 34. Be3+ Kc7 35. Qa5+ Kd7 36. Qd2+ 1-0

[Event "Thüringenliga 2014/2015"]
[Site "?"]
[Date "2015.01.11"]
[Round "6"]
[White "Krüger, Rainer"]
[Black "Darr, Sascha"]
[Result "1/2-1/2"]
[WhiteElo "2071"]
[BlackElo "2105"]
[PlyCount "41"]
[EventDate "2015.??.??"]
[WhiteTeam "ESV Lok Sömmerda"]
[BlackTeam "SV Jenapharm Jena"]

1. Nf3 Nf6 2. g3 g6 3. Bg2 Bg7 4. O-O O-O 5. c4 d6 6. Nc3 Nc6 7. d4 Rb8 8. b3
a6 9. Bb2 b5 10. cxb5 axb5 11. Rc1 Bd7 12. Qc2 Nb4 13. Qb1 Na6 14. e4 c5 15. e5
dxe5 16. dxe5 Ne8 17. Rcd1 Nec7 18. Bh3 Bxh3 19. Rxd8 Rbxd8 20. Rd1 Bf5 21. Qc1
1/2-1/2

[Event "Thüringenliga 2014/2015"]
[Site "?"]
[Date "2015.01.11"]
[Round "6"]
[White "Wicklein, Stefan"]
[Black "Kalisch, Michael"]
[Result "0-1"]
[WhiteElo "1972"]
[BlackElo "1969"]
[PlyCount "46"]
[EventDate "2015.??.??"]
[WhiteTeam "SV Jenapharm Jena"]
[BlackTeam "ESV Lok Sömmerda"]

1. d4 d5 2. c4 e6 3. Nf3 Nf6 4. g3 dxc4 5. Bg2 a6 6. O-O Nc6 7. Ne5 Nxe5 8.
dxe5 Qxd1 9. Rxd1 Nd7 10. f4 Bc5+ 11. Kf1 Rb8 12. Nd2 b5 13. Ne4 Bb7 14. b3
Bxe4 15. Bxe4 Nb6 16. a4 cxb3 17. axb5 axb5 18. Bc6+ Ke7 19. Rd3 Rhd8 20. Rb1
b4 21. Be3 Bxe3 22. Rxe3 Nc4 23. Rexb3 Nd2+ 0-1